000
00187nam a22000977a 4500
082
_a
823
100
_a
NO
245
_a
COUNTING THE TIME WITH CURELY
650
_a
ENGLISH STORY
942
_c
BK
999
_c
8838
_d
8838